Správa z 18. svetového gerontologického kongresu

Bibliographic Details
Main Author: Soláriková, Klára (Author)
Format: Article
Language:Slovak
ISSN:1335-1850
Subjects:

MARC

LEADER 00000nab a2200000 a 4500
001 vtls008414278
003 SK-MaSNL
005 20260305022746.0
008 250505c2005 xo 0 slo
015 |a SNBCL2005/5 
035 |a SLK035628 
035 |a urn:nbn:sk:snk-abvuw 
035 |a (urnnbn)urn:nbn:sk:snk:ar-a059yq 
035 |a (uuid)2e02b307-c77e-462f-8717-6ebd46d20650 
040 |a SNKBUCL  |b slo  |c SNKBUCL  |e AACR2 
041 0 |a slo 
044 |a xo  |c SK 
080 |a 612.67:061.3  |2 1981 
100 1 |a Soláriková, Klára  |4 aut  |9 1115474 
245 1 0 |a Správa z 18. svetového gerontologického kongresu  |c Klára Soláriková 
611 1 7 |a Svetový gerontologický kongres  |e správa  |n 18.  |c Rio de Janeiro, Brazília  |d 2005  |2 SNKBUCL  |9 1600505 
650 0 7 |a kongresy  |2 MESH  |9 19200 
650 0 7 |a starnutie  |2 SNKPH  |9 2599 
650 0 7 |a seniori  |2 MESH  |9 117453 
650 0 7 |a zdravie  |2 MESH  |9 16322 
650 0 7 |a etika  |2 SNKPH  |9 792 
773 0 |t Geriatria  |g Roč. 11, č. 3 (2005), s. 115-116  |x 1335-1850 
850 |a Slovenská národná knižnica 
852 |a Slovenská národná knižnica 
954 |a odborná, vedecká literatúra pôvodná (slovenská)  |2 lita 
958 |a article27 
958 |a OND 
958 |a EUIPO 
999 |c 3292575  |d 3294505